| 000 | 00626nam a22002657a 4500 | ||
|---|---|---|---|
| 003 | UA-OsUOA | ||
| 001 | 25302 | ||
| 007 | ta | ||
| 008 | 20040330b un ||||| |||| 00| 0 ukr d | ||
| 100 | _aМойсеюк Н.Є. | ||
| 090 |
_a37.013(075.8) _bМ74 |
||
| 942 | _cBK | ||
| 040 |
_aUA-OsUOA _bukr _cUA-OsUOA _dUA-OsUOA |
||
| 245 |
_aПедагогіка _bНавч. посіб. |
||
| 300 | _a615 с. | ||
| 955 | _a0 | ||
| 041 | _aukr | ||
| 080 | _a37.013(075.8) | ||
| 020 | _a966-5812-76-9 | ||
| 260 |
_aКиїв _c2003 |
||
| 044 | _aUA | ||
| 250 | _n4-е вид., доповн. | ||
| 650 | 7 | _2UDC | |
| 999 |
_c311595 _d311595 |
||